000 00200 a2200109 4500
020 _a9780152006037
041 _aeng
100 _aPeter Golenbock
245 _aTeammates
942 _cBK
952 _71
999 _c18753
_d18753